00649nam a2200193 a 450000100100000000500170001000800410002702000150006804000250008308200170010810000310012524500790015626000340023530000280026949000270029750000700032450000340039483000270042800004267520201002040322.0140204s1988 sp a 001 0 spa d a843205867X aDO-SdBNPbspacBNPHU axxxxxbxxxxx1 aSánchez Vidal, Agustín10aBuñuel, Lorca, Dalí :bel enigma sin fin /cAgustín Sánchez Vidal. aBarcelona, :bPlaneta,c1988. a380 p. :bil. ;c23 cm.1 aLa linea del horizonte aIncluye datos biográficos del autor en la solapa de la cubierta aIncluye índice onomástico 0aLa linea del horizonte